Shastras, stotras, sutras : (Record no. 15151)
[ view plain ]
| 000 -LEADER | |
|---|---|
| fixed length control field | 01003nam a22002537a 4500 |
| 005 - DATE AND TIME OF LATEST TRANSACTION | |
| control field | 20080827160719.0 |
| 008 - FIXED-LENGTH DATA ELEMENTS--GENERAL INFORMATION | |
| fixed length control field | 080827t xxu||||| |||| 00| 0 eng d |
| 010 ## - LIBRARY OF CONGRESS CONTROL NUMBER | |
| LC control number | ENG-90771 |
| 020 ## - INTERNATIONAL STANDARD BOOK NUMBER | |
| Terms of availability | 250.00 |
| 035 ## - SYSTEM CONTROL NUMBER | |
| System control number | EN-74304 |
| 037 ## - SOURCE OF ACQUISITION | |
| Source of stock number/acquisition | DBAD / PUB |
| 040 ## - CATALOGING SOURCE | |
| Original cataloging agency | DPL |
| 082 ## - DEWEY DECIMAL CLASSIFICATION NUMBER | |
| Classification number | 230.2 |
| 100 ## - MAIN ENTRY--PERSONAL NAME | |
| Personal name | Nithyananda |
| 245 ## - TITLE STATEMENT | |
| Title | Shastras, stotras, sutras : |
| Remainder of title | discourse on Bhagavad Gita chapter-1 / |
| Statement of responsibility, etc | by Nithyananda |
| 260 ## - PUBLICATION, DISTRIBUTION, ETC. (IMPRINT) | |
| Place of publication, distribution, etc | Bangalore |
| Name of publisher, distributor, etc | Dhyanapeeta Charitable Trust |
| Date of publication, distribution, etc | c2007 |
| 270 ## - ADDRESS | |
| Address | Nithyanandapuri, Kallugophalli, Off Mysore Road, Bidadi |
| City | Bangalore |
| Postal code | 562109 |
| 300 ## - PHYSICAL DESCRIPTION | |
| Extent | 212p. : |
| Other physical details | b & w photos |
| Dimensions | 22 cm.(Hb) |
| 490 ## - SERIES STATEMENT | |
| Series statement | Bhagavad gita - The song of god : chapter 1 |
| 500 ## - GENERAL NOTE | |
| General note | Talks given in USA on the Bhagavad Gita - Chapter 1 |
| 650 ## - SUBJECT ADDED ENTRY--TOPICAL TERM | |
| Topical term or geographic name as entry element | Bhagavadgita |
| General subdivision | Discourse |
| 942 ## - ADDED ENTRY ELEMENTS (KOHA) | |
| Source of classification or shelving scheme | Dewey Decimal Classification |
| Koha item type | English Books |
| Classification part | 230.2 |
| Call number suffix | NIT |
| Withdrawn status | Lost status | Damaged status | Not for loan | Collection code | Home library | Current library | Date acquired | Source of acquisition | Cost, normal purchase price | Total Checkouts | Full call number | Barcode | Date last seen | Cost, replacement price | Price effective from | Koha item type |
|---|---|---|---|---|---|---|---|---|---|---|---|---|---|---|---|---|
| Not For Loan | Non-fiction | D.B.Act.Division | D.B.Act.Division | 27/08/2008 | DBAD / PUB | 250.00 | 230.2 NIT | EN-74304 | 15/09/2008 | 250.00 | 15/09/2008 | English Books |
